[Event "Brno /Dedek mem. A/"]
[Site "?"]
[Date "2005.01.18"]
[Round "5"]
[White "Kopkan, Pavel"]
[Black "Sipek, Michal"]
[Result "0-1"]
[WhiteElo "2057"]
[BlackElo "1883"]
[PlyCount "36"]
[EventDate "2005.01.04"]

1. e4 g6 2. f4 Bg7 3. Nf3 c5 4. Bc4 Qc7 5. O-O a6 6. c3 b5 7. Bd5 Nc6 8. e5 e6
9. Be4 f5 10. exf6 Nxf6 11. Bxc6 Qxc6 12. d4 Bb7 13. Be3 Ng4 14. Bf2 O-O 15.
dxc5 Rxf4 16. Nbd2 Raf8 17. Nb3 Rxf3 18. gxf3 Rxf3 0-1

[Event "Brno /Dedek mem. A/"]
[Site "?"]
[Date "2005.01.18"]
[Round "5"]
[White "Vachek, Jiri"]
[Black "Cesek, Liboslav"]
[Result "1-0"]
[WhiteElo "1893"]
[BlackElo "1770"]
[PlyCount "87"]
[EventDate "2005.01.04"]

1. d4 d5 2. c4 c6 3. Nc3 Nf6 4. cxd5 cxd5 5. Nf3 a6 6. g3 e6 7. Bg2 Bd6 8. O-O
Nc6 9. Bg5 h6 10. Bxf6 Qxf6 11. e4 dxe4 12. Nxe4 Qe7 13. d5 exd5 14. Qxd5 Bc7
15. Nc5 O-O 16. Rfe1 Qf6 17. Nd7 Bxd7 18. Qxd7 Ba5 19. Rf1 Rab8 20. Rab1 Rbd8
21. Qxb7 Nd4 22. Nxd4 Rxd4 23. a3 Rd2 24. Qf3 Qd4 25. Rfd1 Bb6 26. Rxd2 Qxd2
27. b4 a5 28. Bf1 Rc8 29. Rd1 Bxf2+ 30. Kh1 Qb2 31. bxa5 Ba7 32. Rd7 Bd4 33.
Qxf7+ Kh8 34. Qf3 Bc5 35. Bd3 Bxa3 36. Rc7 Re8 37. Rc2 Qe5 38. a6 Bc5 39. Kg2
Rf8 40. Qe4 Qxe4+ 41. Bxe4 Bb6 42. Rc6 Rb8 43. Rxb6 Rxb6 44. a7 {(1.33-1.30)}
1-0

[Event "Brno /Dedek mem. A/"]
[Site "?"]
[Date "2005.01.20"]
[Round "6"]
[White "Sipek, Michal"]
[Black "Vachek, Jiri"]
[Result "1-0"]
[WhiteElo "1883"]
[BlackElo "1893"]
[PlyCount "63"]
[EventDate "2005.01.04"]

1. g3 d5 2. Bg2 g6 3. c4 dxc4 4. Qa4+ c6 5. Qxc4 Bg7 6. Nf3 Nf6 7. e4 O-O 8.
O-O b5 9. Qc2 Ng4 10. a4 b4 11. d4 e5 12. h3 Nxf2 13. Qxf2 exd4 14. e5 Qb6 15.
Nxd4 Bxe5 16. Be3 Qc7 17. Nb5 cxb5 18. Bxa8 Bxh3 19. Rc1 Qd6 20. Kh2 Bd7 21.
Bg2 Re8 22. Bf4 bxa4 23. Nd2 Qd4 24. Qxd4 Bxd4 25. Re1 Rxe1 26. Rxe1 Nc6 27.
Nc4 b3 28. Rd1 Bg4 29. Rd2 Bxb2 30. Nxb2 a3 31. Bxc6 a2 32. Bh6 {(1.29-1.50)}
1-0

[Event "Brno /Dedek mem. A/"]
[Site "?"]
[Date "2005.02.01"]
[Round "6"]
[White "Fuchs, Alois"]
[Black "Kopkan, Pavel"]
[Result "0-1"]
[WhiteElo "1576"]
[BlackElo "2057"]
[PlyCount "64"]
[EventDate "2005.01.04"]

1. d4 Nf6 2. c4 c5 3. d5 b5 4. Nf3 e6 5. dxe6 fxe6 6. cxb5 d5 7. Bf4 Bd6 8.
Bxd6 Qxd6 9. e3 O-O 10. Be2 e5 11. O-O e4 12. Nfd2 Nbd7 13. Nc3 Qe7 14. Qc2 Bb7
15. Rfe1 d4 16. exd4 cxd4 17. Bc4+ Kh8 18. Ncxe4 Nxe4 19. Nxe4 Rae8 20. f3 Ne5
21. Qb3 Qh4 22. Rf1 Bxe4 23. fxe4 Qxe4 24. Bd5 Qe2 25. Rae1 Rxf1+ 26. Rxf1 d3
27. Qb4 Qe3+ 28. Kh1 g6 29. Qf4 Qxf4 30. Rxf4 d2 31. Bb3 Nd3 32. Kg1 Nxf4 0-1

[Event "Brno /Dedek mem. A/"]
[Site "?"]
[Date "2005.01.20"]
[Round "6"]
[White "Martisek, Karel"]
[Black "Turza, Pavel"]
[Result "1-0"]
[WhiteElo "1797"]
[BlackElo "1706"]
[PlyCount "49"]
[EventDate "2005.01.04"]

1. e4 d6 2. d4 Nf6 3. Bd3 g6 4. Nf3 Bg7 5. O-O O-O 6. Bg5 d5 7. Nbd2 Nc6 8. c3
Be6 9. Qc2 dxe4 10. Nxe4 Nxe4 11. Bxe4 Bd5 12. Rae1 Bc4 13. Bxc6 f6 14. Ba4
fxg5 15. Bb3 b5 16. Bxc4+ bxc4 17. Nxg5 Rf5 18. Ne6 Qd7 19. Qe4 Rb8 20. Qe2 Qb5
21. Nxc7 Qxb2 22. Qxc4+ Kh8 23. Rxe7 Rb7 24. Re8+ Bf8 25. Ne6 {(1.59-1.27)} 1-0

[Event "Brno /Dedek mem. A/"]
[Site "?"]
[Date "2005.01.20"]
[Round "6"]
[White "Nemec, Miloslav"]
[Black "Licka, Vlastimil"]
[Result "0-1"]
[WhiteElo "2061"]
[BlackElo "1906"]
[PlyCount "110"]
[EventDate "2005.01.04"]

1. c4 Nf6 2. Nf3 g6 3. g3 Bg7 4. Bg2 O-O 5. O-O d5 6. cxd5 Nxd5 7. e4 Nb6 8. d4
Bg4 9. d5 c6 10. Nc3 cxd5 11. Nxd5 Nc6 12. Nxb6 Qxb6 13. Rb1 Rfd8 14. Qa4 Bxf3
15. Bxf3 Nd4 16. Bd1 Rac8 17. Be3 e5 18. Bg4 Rc5 19. b4 Rc4 20. Rfc1 Rxc1+ 21.
Rxc1 a6 22. Bg5 f6 23. Be3 Bf8 24. a3 h5 25. Bd1 Bd6 26. Kg2 Qb5 27. Qxb5 Nxb5
28. Bb6 Rb8 29. Bb3+ Kf8 30. Rd1 Ke7 31. a4 Nc3 32. Rxd6 Kxd6 33. Bc5+ Kd7 34.
Bf7 Nxe4 35. Be3 g5 36. Bxh5 Ke6 37. Bg6 Nc3 38. a5 Rg8 39. Bd3 Rd8 40. Bc4+
Kf5 41. h3 Nd5 42. Bc5 e4 43. Be2 Ke5 44. Bc4 f5 45. h4 gxh4 46. gxh4 f4 47.
Bb3 Rg8+ 48. Kh3 e3 49. Bd1 Ke4 50. Bc2+ Kf3 51. Bb3 Rd8 52. fxe3 fxe3 53. Bc4
e2 54. Bxe2+ Kxe2 55. Kg4 Nxb4 0-1

[Event "Brno /Dedek mem. A/"]
[Site "?"]
[Date "2005.01.25"]
[Round "7"]
[White "Licka, Vlastimil"]
[Black "Holemar, Kamil"]
[Result "1-0"]
[WhiteElo "1906"]
[BlackElo "1767"]
[PlyCount "75"]
[EventDate "2005.01.04"]

1. e4 c5 2. Nf3 d6 3. Bc4 Nc6 4. c3 Qb6 5. Qe2 e6 6. O-O Nf6 7. Na3 Be7 8. Rd1
O-O 9. d4 cxd4 10. cxd4 Nd7 11. Be3 Nb4 12. d5 Nc5 13. dxe6 fxe6 14. Nd4 d5 15.
exd5 exd5 16. Bb3 Nxb3 17. Nxb3 Qg6 18. Nd4 a6 19. Rd2 Bd7 20. Nac2 Rac8 21. a3
Nxc2 22. Rxc2 Bd6 23. Rac1 Rxc2 24. Rxc2 Bg4 25. f3 Qh5 26. h3 Bd7 27. Qd3 Re8
28. Re2 Qf7 29. Bf2 Rc8 30. Re1 Qf4 31. Kf1 Qh2 32. Bg1 Qh1 33. Qe3 Bg3 34. Rd1
h6 35. Qe7 Bh2 36. Kf2 Bf5 37. Bxh2 Qxd1 38. Be5 {(Time!)} 1-0

[Event "Brno /Dedek mem. A/"]
[Site "?"]
[Date "2005.01.25"]
[Round "7"]
[White "Malis, Jiri"]
[Black "Nemec, Miloslav"]
[Result "1-0"]
[WhiteElo "2212"]
[BlackElo "2061"]
[PlyCount "51"]
[EventDate "2005.01.04"]

1. e4 c5 2. Nf3 d6 3. Bc4 e6 4. Qe2 Nc6 5. c3 a6 6. a4 Na5 7. Ba2 Qb6 8. Na3
Be7 9. Nc4 Nxc4 10. Bxc4 Nf6 11. a5 Qc7 12. Bb3 Bd7 13. O-O Rc8 14. d4 c4 15.
Bc2 e5 16. h3 O-O 17. Be3 Bd8 18. Rfd1 Re8 19. Nd2 Bb5 20. f4 Bc6 21. fxe5 dxe5
22. Qxc4 exd4 23. Qxd4 Qe5 24. Qxe5 Rxe5 25. Nc4 Re8 26. Nd6 {(1.37-1.42)} 1-0

[Event "Brno /Dedek mem. A/"]
[Site "?"]
[Date "2005.01.27"]
[Round "7"]
[White "Kopkan, Pavel"]
[Black "Martisek, Karel"]
[Result "1-0"]
[WhiteElo "2057"]
[BlackElo "1797"]
[PlyCount "91"]
[EventDate "2005.01.04"]

1. e4 e5 2. d4 exd4 3. Nf3 d6 4. Bc4 Be7 5. O-O Nf6 6. c3 dxc3 7. e5 dxe5 8.
Qb3 O-O 9. Rd1 Qe8 10. Nxc3 Nc6 11. Nb5 Na5 12. Qc3 Nxc4 13. Nxc7 Qc6 14. Nxa8
Bg4 15. b3 Rxa8 16. bxc4 e4 17. Ne5 Qc7 18. Nxg4 Nxg4 19. Qg3 Qxg3 20. hxg3 Bc5
21. Be3 21... Nxe3 {(R)} 22. fxe3 Bxe3+ 23. Kf1 f5 24. Rd7 Rc8 25. Ke2 Bg5 26.
Rxb7 Rxc4 27. Rxa7 Rc2+ 28. Kf1 Be3 29. Rd7 Rf2+ 30. Ke1 Rxg2 31. Rad1 Rxg3 32.
R1d5 f4 33. Re5 Rg1+ 34. Ke2 Rg2+ 35. Kd1 Rg1+ 36. Kc2 Rc1+ 37. Kb3 Rb1+ 38.
Ka4 Rb8 39. Rxe4 g5 40. Ree7 Ra8+ 41. Kb3 h6 42. Rg7+ Kf8 43. Rh7 Ke8 44. Kc4
Rxa2 45. Rb7 Rc2+ 46. Kb3 1-0

[Event "Brno /Dedek mem. A/"]
[Site "?"]
[Date "2005.01.25"]
[Round "7"]
[White "Vachek, Jiri"]
[Black "Fuchs, Alois"]
[Result "1-0"]
[WhiteElo "1893"]
[BlackElo "1576"]
[PlyCount "45"]
[EventDate "2005.01.04"]

1. d4 d5 2. c4 c6 3. Nc3 Nf6 4. e3 e6 5. a3 dxc4 6. Bxc4 b5 7. Bd3 a6 8. Nf3
Bb7 9. Ne4 Nbd7 10. Qc2 Rc8 11. b4 Nxe4 12. Bxe4 Nf6 13. Bd3 Bd6 14. e4 Bb8 15.
e5 Nd5 16. Bxh7 Kd7 17. Be4 Rc7 18. O-O Kc8 19. Bg5 f6 20. exf6 gxf6 21. Bh4
Rch7 22. Bxh7 Rxh7 23. Qxh7 {(0.46-0.54)} 1-0

[Event "Brno /Dedek mem. A/"]
[Site "?"]
[Date "2005.01.25"]
[Round "7"]
[White "Cesek, Liboslav"]
[Black "Sipek, Michal"]
[Result "0-1"]
[WhiteElo "1770"]
[BlackElo "1883"]
[PlyCount "147"]
[EventDate "2005.01.04"]

1. e4 g6 2. Bc4 c6 3. Nf3 d5 4. exd5 cxd5 5. Bb3 Nc6 6. O-O Bg7 7. d4 Nf6 8. c3
O-O 9. Re1 Ne4 10. Ne5 Nxe5 11. dxe5 Be6 12. f4 Qc8 13. Be3 Rd8 14. Nd2 Bg4 15.
Qc2 Nc5 16. Bxc5 Qxc5+ 17. Kh1 Bh6 18. h3 Bf5 19. Qd1 Bxf4 20. Nf3 Be4 21. Qe2
Qc7 22. c4 e6 23. cxd5 exd5 24. Rad1 Rd7 25. Qf2 Bxe5 26. Rxe4 Bg3 27. Qd4 dxe4
28. Qxd7 exf3 29. gxf3 Qf4 30. Qg4 Qe5 31. Qc4 Rf8 32. Kg2 Bf4 33. Rd4 Qg5+ 34.
Kh1 Be5 35. f4 Qg3 36. fxe5 Qxh3+ 37. Kg1 Qg3+ 38. Kf1 Qxe5 39. Rf4 Qe7 40. Qd4
Qc7 41. Qf6 b5 42. a3 Qc1+ 43. Kg2 Qd2+ 44. Rf2 Qd7 45. Kg3 a5 46. Kh4 b4 47.
axb4 axb4 48. Bc4 Qb7 49. b3 Qh1+ 50. Kg3 Qg1+ 51. Kf3 Qd1+ 52. Kg2 Qg4+ 53.
Kh2 Qh5+ 54. Kg3 g5 55. Rh2 Qg6 56. Qxg6+ hxg6 57. Kg4 Kg7 58. Kxg5 f6+ 59. Kf4
Re8 60. Re2 Rd8 61. Re7+ Kh6 62. Rb7 f5 63. Rxb4 Rd4+ 64. Kf3 g5 65. Rb8 g4+
66. Kg3 Kg5 67. Rg8+ Kf6 68. Kh4 Ke5 69. Kg5 g3 70. Re8+ Kd6 71. Kxf5 g2 72.
Rg8 Rd2 73. Rg3 Kc5 74. Kg4 {(Time! 2.30-2.28)} 0-1

[Event "Brno /Dedek mem. A/"]
[Site "?"]
[Date "2005.01.27"]
[Round "8"]
[White "Holemar, Kamil"]
[Black "Sipek, Michal"]
[Result "0-1"]
[WhiteElo "1767"]
[BlackElo "1883"]
[PlyCount "108"]
[EventDate "2005.01.04"]

1. e4 g6 2. Nf3 Bg7 3. d3 c5 4. Nbd2 Nc6 5. g3 Nf6 6. Bg2 d6 7. O-O O-O 8. a3
Qc7 9. Nh4 b5 10. Re1 a5 11. Nf1 Bg4 12. Qd2 b4 13. h3 Bd7 14. Kh2 Ra7 15. Qd1
Nd4 16. Ne3 Bc6 17. c3 bxc3 18. bxc3 Nb5 19. Bd2 a4 20. Qc1 e6 21. Qc2 Rd8 22.
Nc4 Nd7 23. Ne3 Nb6 24. Nd1 d5 25. Bf4 e5 26. Bd2 dxe4 27. Bxe4 Bxe4 28. dxe4
Nc4 29. Bc1 Qc6 30. Ne3 Nbd6 31. Nd5 Nxe4 32. Ne7+ Rxe7 33. Qxe4 Qxe4 34. Rxe4
Nb6 35. Rb1 Re6 36. Re1 e4 37. f3 Bxc3 38. Rxe4 Rxe4 39. fxe4 Nc4 40. Rb5 Rc8
41. Rb7 Bd2 42. Bxd2 Nxd2 43. e5 c4 44. Rb2 c3 45. Rc2 Nb1 46. Nf3 Nxa3 47. Rc1
Nb5 48. Ne1 Re8 49. Nd3 Rd8 50. Nb4 Rd2+ 51. Kg1 Nd4 52. Kf1 c2 53. Na2 Nb3 54.
Re1 54... Rd1 {(1.50-2.03)} 0-1

[Event "Brno /Dedek mem. A/"]
[Site "?"]
[Date "2005.01.27"]
[Round "8"]
[White "Fuchs, Alois"]
[Black "Cesek, Liboslav"]
[Result "0-1"]
[WhiteElo "1576"]
[BlackElo "1770"]
[PlyCount "102"]
[EventDate "2005.01.04"]

1. d4 d5 2. c4 c6 3. Nc3 Nf6 4. Bg5 e6 5. e3 Be7 6. Nf3 Nbd7 7. Qc2 h6 8. Bh4
dxc4 9. Bxc4 Nd5 10. Bg3 a5 11. a3 O-O 12. O-O b5 13. Ba2 Nxc3 14. Qxc3 Bb7 15.
Rfd1 Rc8 16. Rac1 c5 17. Qd2 Bxf3 18. gxf3 c4 19. Qc2 Nf6 20. Be5 Nd7 21. Bb1
g6 22. Kh1 Kh7 23. Bf4 Rg8 24. Rg1 Nf8 25. Rg3 Bd6 26. Bxd6 Qxd6 27. Qd2 b4 28.
axb4 axb4 29. e4 e5 30. d5 Ne6 31. Rh3 Nf4 32. Rg3 Rc7 33. Rgg1 Rgc8 34. Qe3
Ra8 35. Rgd1 Ra1 36. Bc2 Ra2 37. b3 c3 38. Re1 Kg7 39. Rg1 Rb2 40. Rgd1 g5 41.
Qe1 Ra7 42. Bb1 Rxb3 43. Rc2 Rba3 44. Qg1 f6 45. Qe1 Rc7 46. Qe3 Ra8 47. Qe1
Rb8 48. Qe3 Ra8 49. Rdc1 Qd7 50. Rd1 Ne6 51. h4 Nf4 0-1

[Event "Brno /Dedek mem. A/"]
[Site "?"]
[Date "2005.02.01"]
[Round "8"]
[White "Martisek, Karel"]
[Black "Vachek, Jiri"]
[Result "1-0"]
[WhiteElo "1797"]
[BlackElo "1893"]
[PlyCount "43"]
[EventDate "2005.01.04"]

1. e4 e6 2. d4 d5 3. Nc3 Nf6 4. Bg5 Be7 5. e5 Nfd7 6. h4 a6 7. Qg4 f5 8. exf6
Nxf6 9. Bxf6 Bxf6 10. Bd3 Kf7 11. Nf3 Nc6 12. O-O-O e5 13. Bf5 exd4 14. Bxc8
Rxc8 15. Qf5 Ne7 16. Ng5+ Ke8 17. Rhe1 Bxg5+ 18. hxg5 c6 19. Rxe7+ Kxe7 20.
Re1+ Kd6 21. Re6+ Kd7 22. Qf7+ 1-0

[Event "Brno /Dedek mem. A/"]
[Site "?"]
[Date "2005.01.27"]
[Round "8"]
[White "Nemec, Miloslav"]
[Black "Turza, Pavel"]
[Result "1-0"]
[WhiteElo "2061"]
[BlackElo "1706"]
[PlyCount "67"]
[EventDate "2005.01.04"]

1. c4 c6 2. Nf3 d5 3. cxd5 cxd5 4. d4 g6 5. Nc3 Nf6 6. Bf4 Qb6 7. Qd2 Nc6 8. e3
Bf5 9. Be2 Bg7 10. O-O O-O 11. a3 Rfd8 12. Na4 Qb3 13. Nc5 Qb6 14. b4 a6 15.
Rfc1 Nh5 16. Na4 Qa7 17. Bc7 Rd7 18. Bb6 Qb8 19. Nh4 Nf6 20. Nxf5 gxf5 21. Bc5
Rc7 22. Nb6 Ra7 23. Qa2 Nd8 24. Nxd5 Nxd5 25. Bxa7 Rxc1+ 26. Rxc1 Qd6 27. Rc5
e6 28. Rc8 Bf6 29. Bf3 Nb6 30. Bxb6 Qxb6 31. Qc2 Kg7 32. Qc7 Qb5 33. Rxd8 Bxd8
34. Qxd8 {(1.49-1.58)} 1-0

[Event "Brno /Dedek mem. A/"]
[Site "?"]
[Date "2005.02.01"]
[Round "8"]
[White "Licka, Vlastimil"]
[Black "Malis, Jiri"]
[Result "1/2-1/2"]
[WhiteElo "1906"]
[BlackElo "2212"]
[PlyCount "50"]
[EventDate "2005.01.04"]

1. d4 g6 2. c4 Bg7 3. Nc3 d6 4. e4 Nd7 5. Be3 e5 6. Qd2 Ngf6 7. f3 O-O 8. O-O-O
c6 9. dxe5 dxe5 10. g4 Qe7 11. Nge2 Re8 12. Ng3 Nc5 13. h4 Ne6 14. Qf2 Nd4 15.
g5 Nh5 16. Nxh5 gxh5 17. Ne2 Nxe2+ 18. Bxe2 Bf8 19. Bd2 b5 20. cxb5 Be6 21. Kb1
cxb5 22. Rc1 Qb7 23. Rc2 Rad8 24. Be3 Rd7 25. Rd1 25... Rxd1+ {(1.47-1.43)}
1/2-1/2

[Event "Brno /Dedek mem. A/"]
[Site "?"]
[Date "2005.02.03"]
[Round "9"]
[White "Turza, Pavel"]
[Black "Licka, Vlastimil"]
[Result "0-1"]
[WhiteElo "1706"]
[BlackElo "1906"]
[PlyCount "101"]
[EventDate "2005.01.04"]

1. d4 Nf6 2. Nf3 g6 3. g3 Bg7 4. Bg2 O-O 5. O-O d5 6. Ne5 Nbd7 7. Nd3 c6 8. c3
Re8 9. Bf4 Nh5 10. Qd2 Nxf4 11. gxf4 Nf6 12. Kh1 Bf5 13. Na3 Qc7 14. e3 Ne4 15.
Bxe4 dxe4 16. Ne1 c5 17. Rg1 Red8 18. Qe2 cxd4 19. cxd4 a6 20. Nc4 Rac8 21. Nd2
Qc6 22. Nf1 h5 23. Ng3 Bg4 24. Qf1 h4 25. Ne2 Qe6 26. Nc3 Bf5 27. Qg2 Bf6 28.
Qf1 b5 29. Qe2 Kg7 30. Nc2 Rc4 31. a3 Rdc8 32. Nb4 a5 33. Nbd5 Qc6 34. Qh5 Kf8
35. Qh6+ Ke8 36. Nxf6+ Qxf6 37. Nd5 Qd6 38. Nc3 b4 39. axb4 axb4 40. Qh8+ Kd7
41. Ra7+ R4c7 42. Nb5 Rxh8 43. Nxc7 Qxc7 44. Rxc7+ Kxc7 45. Rc1+ Kd6 46. Kg2
Rc8 47. Rxc8 Bxc8 48. Kf1 Kd5 49. Ke2 Kc4 50. Kd2 Kb3 51. Kc1 {(2.24-2.38)} 0-1

[Event "Brno /Dedek mem. A/"]
[Site "?"]
[Date "2005.02.03"]
[Round "9"]
[White "Kopkan, Pavel"]
[Black "Nemec, Miloslav"]
[Result "0-1"]
[WhiteElo "2057"]
[BlackElo "2061"]
[PlyCount "60"]
[EventDate "2005.01.04"]

1. e4 c5 2. c3 Nf6 3. Qa4 e6 4. f4 Nc6 5. Nf3 Be7 6. Be2 O-O 7. O-O d6 8. e5
Nd5 9. d4 Qc7 10. Na3 a6 11. Nb5 axb5 12. Qxa8 c4 13. a4 Nb6 14. axb5 Nxa8 15.
Rxa8 Na5 16. Bd2 b6 17. exd6 Bxd6 18. Ne5 Qe7 19. b4 cxb3 20. c4 Bb7 21. Rxf8+
Kxf8 22. c5 Bxe5 23. fxe5 Qd8 24. Bc3 Bd5 25. c6 Qg5 26. Bb4+ Ke8 27. Rf2 Qc1+
28. Bf1 b2 29. Ba3 b1=Q 30. Bxc1 30... Qxc1 {(1.52-1.43)} 0-1

[Event "Brno /Dedek mem. A/"]
[Site "?"]
[Date "2005.02.03"]
[Round "9"]
[White "Cesek, Liboslav"]
[Black "Martisek, Karel"]
[Result "0-1"]
[WhiteElo "1770"]
[BlackElo "1797"]
[PlyCount "74"]
[EventDate "2005.01.04"]

1. d4 d5 2. c4 e6 3. Nc3 Nf6 4. Nf3 c6 5. e3 b6 6. cxd5 cxd5 7. Bd3 Bd6 8. O-O
O-O 9. Bd2 Ba6 10. Nb5 Bxb5 11. Bxb5 a6 12. Bd3 Nbd7 13. Rc1 Ne4 14. Rc2 Qe7
15. Qb1 f5 16. Rfc1 g5 17. g3 g4 18. Nh4 Ndf6 19. Be1 Ng5 20. Rc6 Nfe4 21. a3
Nh3+ 22. Kg2 Qd7 23. Kf1 Bc5 24. Bxe4 fxe4 25. dxc5 Qxc6 26. cxb6 Qb5+ 27. Kg2
Qxb6 28. Rc2 Qb5 29. Qd1 Rf3 30. a4 Qd7 31. Nxf3 exf3+ 32. Kh1 Rc8 33. Rd2 Qc6
34. Rd4 h5 35. Qd2 Qc2 36. Qb4 Qf5 37. Qe7 37... Nxf2+ {(Time!)} 0-1

[Event "Brno /Dedek mem. A/"]
[Site "?"]
[Date "2005.02.03"]
[Round "9"]
[White "Sipek, Michal"]
[Black "Fuchs, Alois"]
[Result "1-0"]
[WhiteElo "1883"]
[BlackElo "1576"]
[PlyCount "53"]
[EventDate "2005.01.04"]

1. g3 d5 2. Bg2 Nf6 3. c4 c6 4. Na3 Bf5 5. Qb3 b6 6. Nf3 Nbd7 7. Nd4 Nc5 8. Qd1
Qd7 9. Nxf5 Qxf5 10. cxd5 cxd5 11. d4 Nce4 12. Qa4+ Qd7 13. Nb5 Kd8 14. Qb3 e6
15. Bf4 Nd6 16. Nc3 h6 17. O-O Rg8 18. a4 g5 19. Be5 Ng4 20. Rfd1 Nxe5 21. dxe5
Nc4 22. Nxd5 exd5 23. Rxd5 Nd6 24. exd6 Rg6 25. Rc1 Rxd6 26. Rxd6 Bxd6 27. Bxa8
1-0

[Event "Brno /Dedek mem. A/"]
[Site "?"]
[Date "2005.02.08"]
[Round "10"]
[White "Martisek, Karel"]
[Black "Sipek, Michal"]
[Result "0-1"]
[WhiteElo "1797"]
[BlackElo "1883"]
[PlyCount "82"]
[EventDate "2005.01.04"]

1. e4 d6 2. d4 g6 3. Nf3 Bg7 4. Bc4 c6 5. O-O b5 6. Bb3 Nf6 7. e5 Nd5 8. a4 Bb7
9. axb5 cxb5 10. Qe2 dxe5 11. dxe5 Qb6 12. Nc3 Nxc3 13. bxc3 O-O 14. Be3 Qc7
15. Bd4 a6 16. h4 Nc6 17. h5 Nxd4 18. cxd4 Qc3 19. hxg6 hxg6 20. Nh4 Qxd4 21.
Nxg6 Rfe8 22. Rfe1 e6 23. Rad1 Qc5 24. Nf4 Rad8 25. Rxd8 Rxd8 26. Nh5 Qb4 27.
Nf6+ Bxf6 28. exf6 Qf4 29. Qe5 Qxe5 30. Rxe5 Kh7 31. Bxe6 fxe6 32. Rxe6 Kg6 33.
f4 Rf8 34. g4 Rxf6 35. f5+ Kg5 36. Re7 Bf3 37. Rg7+ Kf4 38. g5 Rxf5 39. Kf2 Be4
40. g6 Rf6 41. Rf7 Kg5+ 0-1

[Event "Brno /Dedek mem. A/"]
[Site "?"]
[Date "2005.02.08"]
[Round "10"]
[White "Nemec, Miloslav"]
[Black "Vachek, Jiri"]
[Result "1-0"]
[WhiteElo "2061"]
[BlackElo "1893"]
[PlyCount "79"]
[EventDate "2005.01.04"]

1. c4 e5 2. Nc3 Nf6 3. d3 c6 4. Nf3 d6 5. g3 g6 6. Bg2 Bg7 7. O-O O-O 8. Rb1
Re8 9. b4 a6 10. a4 d5 11. Qc2 e4 12. dxe4 Nxe4 13. Nxe4 Rxe4 14. cxd5 cxd5 15.
Nd2 Rxe2 16. Bxd5 Re7 17. Rd1 Nc6 18. Ne4 Qe8 19. Bg5 Nd4 20. Rxd4 Bxd4 21.
Bxe7 Qxe7 22. Qc4 Bg7 23. Rc1 Bh3 24. Bxf7+ Kf8 25. Bd5 Bh6 26. Rd1 Rc8 27. Qd4
Bg7 28. Qe3 h5 29. Qf4+ Bf5 30. Nd6 Qe5 31. Qxe5 Bxe5 32. Nxc8 Bxc8 33. Be4 Bg4
34. Rd5 Bc3 35. b5 Kf7 36. Rd6 a5 37. Rb6 Bd1 38. Rxb7+ Kf6 39. Rc7 Bxa4 40.
Rxc3 {(1.59-1.30)} 1-0

[Event "Brno /Dedek mem. A/"]
[Site "?"]
[Date "2005.02.08"]
[Round "10"]
[White "Licka, Vlastimil"]
[Black "Kopkan, Pavel"]
[Result "0-1"]
[WhiteElo "1906"]
[BlackElo "2057"]
[PlyCount "104"]
[EventDate "2005.01.04"]

1. c4 Nf6 2. Nf3 e6 3. Nc3 c5 4. g3 Nc6 5. Bg2 Be7 6. O-O d5 7. cxd5 exd5 8. d4
O-O 9. Bg5 Be6 10. dxc5 Bxc5 11. Na4 Be7 12. Nd4 Rc8 13. Rc1 Nxd4 14. Qxd4 b5
15. Rxc8 Qxc8 16. Qxa7 bxa4 17. Qxe7 Re8 18. Qb4 Qc4 19. Qxc4 dxc4 20. Bc6 Rb8
21. Rd1 h6 22. Bxf6 gxf6 23. Rd2 a3 24. bxa3 Rb1+ 25. Kg2 Rc1 26. Be4 f5 27.
Rc2 Rb1 28. Bf3 Rb5 29. e3 Rc5 30. Rc3 Rb5 31. Be2 Kg7 32. a4 Ra5 33. Bd1 Kf6
34. f4 Rd5 35. Bc2 Rd2+ 36. Kf3 Rxh2 37. a5 Bd5+ 38. e4 Rxc2 39. Rxc2 Bxe4+ 40.
Ke3 Bxc2 41. Kd4 Ke6 42. a6 Kd6 43. Kxc4 Be4 44. a4 Kc7 45. Kc5 Bd3 46. a7 Kb7
47. Kd4 Bc2 48. Ke5 Kxa7 49. Kf6 Kb6 50. Kxf7 Bd1 51. Kf6 Bg4 52. Ke5 Ka5 0-1

[Event "Brno /Dedek mem. A/"]
[Site "?"]
[Date "2005.02.08"]
[Round "10"]
[White "Malis, Jiri"]
[Black "Turza, Pavel"]
[Result "1-0"]
[WhiteElo "2212"]
[BlackElo "1706"]
[PlyCount "33"]
[EventDate "2005.01.04"]

1. Nf3 d5 2. g3 e6 3. Bg2 g6 4. O-O Bg7 5. d4 Ne7 6. c4 Bd7 7. Nc3 Bc6 8. Ne5
f6 9. Nxc6 Nbxc6 10. cxd5 exd5 11. e4 dxe4 12. d5 Ne5 13. Nxe4 Nd7 14. d6 Nc6
15. dxc7 Qxc7 16. Nd6+ Kf8 17. Nxb7 {(0.37-1.15)} 1-0

[Event "Brno /Dedek mem. A/"]
[Site "?"]
[Date "2005.02.15"]
[Round "11"]
[White "Kopkan, Pavel"]
[Black "Malis, Jiri"]
[Result "0-1"]
[WhiteElo "2057"]
[BlackElo "2212"]
[PlyCount "76"]
[EventDate "2005.01.04"]

1. e4 g6 2. f4 c6 3. Nf3 d5 4. Nc3 Bg7 5. e5 h5 6. Be2 Nh6 7. d4 Nf5 8. b3 b5
9. a4 b4 10. Na2 a5 11. Qd2 Ba6 12. c3 Bxe2 13. Kxe2 bxc3 14. Qxc3 O-O 15. b4
e6 16. Bd2 axb4 17. Nxb4 Qb6 18. Rhb1 Rc8 19. Kf2 Qa7 20. Nd3 Nd7 21. Nc5 Bf8
22. Nxd7 Qxd7 23. a5 c5 24. Qb2 Nxd4 25. Nxd4 cxd4 26. Qb7 Qd8 27. a6 Qh4+ 28.
Kf3 Qg4+ 29. Kf2 d3 30. Kg1 Rc2 31. Rb2 Bc5+ 32. Kh1 Rxb2 33. Qxb2 Rxa6 34.
Qb8+ Kg7 35. Rc1 Rc6 36. h3 Qe2 37. Qd8 Qxd2 38. Rb1 Bf8 0-1

[Event "Brno /Dedek mem. A/"]
[Site "?"]
[Date "2005.02.15"]
[Round "11"]
[White "Vachek, Jiri"]
[Black "Licka, Vlastimil"]
[Result "1/2-1/2"]
[WhiteElo "1893"]
[BlackElo "1906"]
[PlyCount "82"]
[EventDate "2005.01.04"]

1. d4 Nf6 2. c4 g6 3. Nc3 d6 4. e4 Bg7 5. Bd3 Nbd7 6. Nge2 e5 7. d5 O-O 8. h3
Ne8 9. O-O Nc5 10. Bc2 f5 11. b4 Nxe4 12. Nxe4 fxe4 13. Bxe4 Qh4 14. Ng3 Nf6
15. Qe2 Nxe4 16. Qxe4 Qxe4 17. Nxe4 Bf5 18. f3 a5 19. Bd2 axb4 20. Bxb4 Bxe4
21. fxe4 Rxf1+ 22. Kxf1 Rf8+ 23. Ke2 Rf4 24. Kd3 Rf2 25. Rg1 Rxa2 26. c5 Bf8
27. cxd6 Bxd6 28. Bxd6 cxd6 29. Rb1 Rxg2 30. Rxb7 Rg3+ 31. Ke2 Rxh3 32. Rd7
Rh2+ 33. Ke3 Rh3+ 34. Ke2 Rh2+ 35. Ke3 Rh3+ 36. Ke2 Ra3 37. Rxd6 Ra2+ 38. Ke3
Ra3+ 39. Ke2 Ra4 40. Ke3 Ra3+ 41. Ke2 41... Ra2+ {(0.52-1.30)} 1/2-1/2

[Event "Brno /Dedek mem. A/"]
[Site "?"]
[Date "2005.02.15"]
[Round "11"]
[White "Fuchs, Alois"]
[Black "Martisek, Karel"]
[Result "0-1"]
[WhiteElo "1576"]
[BlackElo "1797"]
[PlyCount "66"]
[EventDate "2005.01.04"]

1. d4 d5 2. c4 e6 3. Nc3 Nf6 4. Nf3 c6 5. Bg5 Be7 6. e3 b6 7. Rc1 Bb7 8. Qc2
Nbd7 9. Bd3 h6 10. Bf4 Rc8 11. a3 O-O 12. O-O c5 13. Qe2 dxc4 14. Bxc4 cxd4 15.
exd4 Re8 16. Rfd1 Nd5 17. Bxd5 exd5 18. Re1 Nf6 19. Qd2 Ne4 20. Qd3 Bf6 21. Be5
Bxe5 22. dxe5 Nc5 23. Qd1 Ne6 24. Nd4 Qg5 25. Nf3 Qg4 26. h3 Qg6 27. Nd4 Nxd4
28. Qxd4 Rc4 29. Qd1 d4 30. Ne4 Rxc1 31. Qxc1 Bxe4 32. g3 Bc2 33. Kh2 d3 0-1

[Event "Brno /Dedek mem. B/"]
[Site "?"]
[Date "2005.01.04"]
[Round "1"]
[White "Stanek, Stanislav"]
[Black "Zejda, Karel"]
[Result "1-0"]
[WhiteElo "2009"]
[BlackElo "1814"]
[PlyCount "117"]
[EventDate "2005.01.04"]

1. d4 d5 2. Bg5 Nf6 3. Nd2 Nbd7 4. Ngf3 e6 5. e3 Be7 6. Bd3 O-O 7. c3 b6 8. O-O
Bb7 9. Rc1 h6 10. Bf4 Ne4 11. Qc2 Ndf6 12. h3 Bd6 13. Be5 Nxd2 14. Nxd2 c5 15.
Bxf6 Qxf6 16. f4 Rac8 17. Qa4 a6 18. Bb1 Qe7 19. f5 Qg5 20. Rce1 cxd4 21. Nf3
Qg3 22. exd4 exf5 23. Qd7 Rc7 24. Qxf5 g6 25. Qc2 Bc8 26. Qf2 b5 27. Ne5 Qxf2+
28. Rxf2 Re8 29. Nf3 Rxe1+ 30. Nxe1 b4 31. Rf3 bxc3 32. Rxc3 Rxc3 33. bxc3 Bf4
34. Nf3 Bc1 35. Bd3 a5 36. Ne5 Bb7 37. Kf2 Bb2 38. Ke3 Bxc3 39. Bb5 Bc8 40. Bd7
Ba6 41. Be8 f6 42. Nxg6 Bc4 43. a4 Bf1 44. Nf4 Bb2 45. Bc6 Bc1+ 46. Kf3 Bxf4
47. Bxd5+ Kf8 48. Kxf4 Ke7 49. Kf5 Bd3+ 50. Be4 Bc4 51. Kg6 Bf7+ 52. Kxh6 Be8
53. Bc2 Kd6 54. Bb3 Bc6 55. d5 Bd7 56. Kg7 Ke5 57. Kf7 f5 58. Ke7 Bxa4 59. Bxa4
{(1.32-2.10)} 1-0